| 000 | 01001 a2200265 4500 | ||
|---|---|---|---|
| 001 | 38670 | ||
| 005 | 20260407155648.0 | ||
| 008 | 260407a1983 arg spa d | ||
| 003 | AR-UNSa-BCEJYS | ||
| 040 |
_aAR-UNSa-BCEJYS _bspa _cAR-UNSa-BCEJYS |
||
| 080 |
_a51-7:658.8 _xMatemáticas en Marketing |
||
| 245 | 1 | 0 | _aMatemáticas en la mercadotecnia |
| 020 | _a968-451-457-3 | ||
| 264 | 1 |
_aMéxico : _bMcGraw-Hill _c1983 |
|
| 300 |
_aviii, 142 p. _c27 cm. |
||
| 505 | _a1. Matemáticas y ventas - 2. Manejo de registros de ventas - 3. Transacciones con máquina registradora - 4. Pesos y medidas en ventas - 5. Matemáticas y procedimientos de inventarios - 6. Procedimientos de compras - 7. Procedimientos en precios - 8. Cálculo de nómina. | ||
| 041 | _aspa | ||
| 942 | _cBK | ||
| 590 | _aniveau_biblio:m niveau_hierar:0 | ||
| 100 | 1 | _aDíaz Mata, Alfredo | |
| 700 | 1 | _aLogan, William B. | |
| 700 | 1 | _aHerbert Freeman, M. | |
| 700 | 1 | _aDorr, Eugene L. | |
| 700 | 1 | _aVillarreal V., Héctor | |
| 999 |
_c2915 _d2915 |
||